आकांत. (Record no. 268360)

MARC details
000 -LEADER
fixed length control field 00550nam a2200181Ia 4500
008 - FIXED-LENGTH DATA ELEMENTS--GENERAL INFORMATION
fixed length control field 090630s9999 xx 000 0 und d
082 ## - DEWEY DECIMAL CLASSIFICATION NUMBER
Item number 16504
100 ## - MAIN ENTRY--PERSONAL NAME
Personal name म्हसवेकर आनंद.
245 ## - TITLE STATEMENT
Title आकांत.
Statement of responsibility, etc म्हसवेकर आनंद.
260 ## - PUBLICATION, DISTRIBUTION, ETC. (IMPRINT)
Name of publisher, distributor, etc डिंपल - वसई.
300 ## - PHYSICAL DESCRIPTION
Extent 0
600 ## - SUBJECT ADDED ENTRY--PERSONAL NAME
Personal name म्हसवेकर आनंद.
630 ## - SUBJECT ADDED ENTRY--UNIFORM TITLE
Uniform title आकांत.
655 ## - INDEX TERM--GENRE/FORM
Genre/form data or focus term नाटक.
700 ## - ADDED ENTRY--PERSONAL NAME
Personal name म्हसवेकर आनंद.
730 ## - ADDED ENTRY--UNIFORM TITLE
Uniform title आकांत.
942 ## - ADDED ENTRY ELEMENTS (KOHA)
Koha item type Book
Holdings
Withdrawn status Lost status Damaged status Not for loan Home library Current library Date acquired Cost, normal purchase price Total Checkouts Full call number Barcode Date last seen Cost, replacement price Price effective from Koha item type
        Sarvajanik Wachanalaya Shrivardhan Sarvajanik Wachanalaya Shrivardhan 02/08/2004 15.00   16504 SAWASHRI-16504 06/30/2009 15.00 06/30/2009 Book